Guess When They Were Born (Girlgroup) - Statistics

General Stats
  • This quiz has been taken 5 times
  • The average score is 16 of 52
Answer Stats
Hint Answer % Correct
Lisa (BLACKPINK) 1997
80%
Wonyoung (IVE) 2004
80%
Haeun (UNCHILD) 2009
80%
Yuqi (i-dle) 1999
60%
Winter (aespa) 2001
60%
Natty (KISS OF LIFE) 2002
60%
Woni (RESCENE) 2004
60%
Ahyeon (BABYMONSTER) 2007
60%
Joy (Red Velvet) 1996
40%
Jennie (BLACKPINK) 1996
40%
Umji (GFRIEND & VIVIZ) 1998
40%
Jiwon (fromis_9) 1998
40%
Tzuyu (TWICE) 1999
40%
Yeji (ITZY) 2000
40%
Hitomi (SAY MY NAME) 2001
40%
Yunjin (LE SSERAFIM) 2001
40%
Lily (NMIXX) 2002
40%
Chanelle (FIFTY FIFTY) 2003
40%
Yuna (ITZY) 2003
40%
Sullyoon (NMIXX) 2004
40%
Yunah (ILLIT) 2004
40%
Haerin (NewJeans) 2006
40%
Carmen (Hearts2Hearts) 2006
40%
Wonhee (ILLIT) 2007
40%
Rora (BABYMONSTER) 2008
40%
Hyomin (T-ARA) 1989
20%
Tiffany (Girls' Generation) 1989
20%
CL (2NE1) 1991
20%
Sooyoung (Girls' Generation) 1992
20%
Bomi (Apink) 1993
20%
Seulgi (Red Velvet) 1994
20%
Hwasa (MAMAMOO) 1995
20%
Mina (TWICE) 1997
20%
Chodan (QWER) 1998
20%
Sieun (STAYC ) 2001
20%
Tsuki (Billlie) 2002
20%
Seoyeon (tripleS) 2003
20%
Seeun (STAYC) 2003
20%
Bahiyyih (Kep1er) 2004
20%
Jeemin (izna) 2005
20%
Sui (KiiiKiii) 2006
20%
Yihyun (Baby DONT Cry) 2006
20%
Leesol (IVE) 2007
20%
Kasia (ifeye) 2008
20%
Ella (MEOVV) 2008
20%
Hani (EXID) 1992
0%
Youngji (KARA) 1994
0%
Siyeon (Dreamcatcher) 1996
0%
Seunghee (OH MY GIRL) 1996
0%
Riina (H1-KEY) 2001
0%
Rami (BABYMONSTER) 2005
0%
Anna (MEOVV) 2005
0%
No matching quizzes found
Score Distribution
Percent of People with Each Score
Percentile by Number Answered
Your Score History
You have not taken this quiz